000 00627nam a2200181Ia 4500
008 140321s9999 xx 000 0 und d
020 _a9781605477381
050 _aRC 683.5.E5
_b.N864 2009
245 _aNursing know-how :
_binterpreting ECGs /
260 _aPhiladelphia :
_bWolters Kluwer Health/Lippincott Williams & Wilkins,
_cc2009.
300 _a314 p. :
_bill. ;
_c24 cm.
500 _aIncludes bibliographical references and index.
521 _aNUR
650 _aArrhythmia
_xDiagnosis -- Handbooks, manuals, etc.
650 _aElectrocardiography
_xHandbooks, manuals, etc.
942 _kFOR
_cBK
999 _c48285
_d48285